|
|
|
|
| LEADER |
01483cam a22003371 4500 |
| 001 |
c000414505 |
| 003 |
CARM |
| 005 |
00000000000000.0 |
| 008 |
740411s1944 pauaf 000 0 eng |
| 010 |
|
|
|a 45002224
|
| 019 |
1 |
|
|a 28206703
|
| 035 |
|
|
|a (OCoLC)854827
|
| 040 |
|
|
|a DLC
|b eng
|c RUn
|d OCoLC
|d DLC
|
| 042 |
|
|
|a premarc
|
| 050 |
0 |
0 |
|a QL5
|b .G4
|
| 082 |
0 |
4 |
|a 508.3
|
| 110 |
2 |
|
|a George Vanderbilt expedition, 1941.
|
| 245 |
1 |
0 |
|a Results of the Fifth George Vanderbilt expedition (1941) :
|b (Bahamas, Caribbean sea, Panama, Galapagos archipelago and Mexican Pacific islands)
|
| 260 |
|
|
|a Philadelphia [Lancaster, Pa. :
|b Wickersham Printing Company],
|c 1944.
|
| 300 |
|
|
|a vi p., 1 l., 583 p. :
|b illus., 20 pl. ;
|c 27 cm.
|
| 490 |
0 |
|
|a The Academy of natural sciences of Philadelphia ... Monographs ;
|v no. 6.
|
| 505 |
0 |
|
|a Introduction and itinerary, by George Vanderbilt.--The birds, by James Bond and Rodolphe Meyer de Schauensee.--The fishes, by H. W. Fowler.--The Crustacea, by G. A. Coventry.
|
| 650 |
|
0 |
|a Scientific expeditions.
|
| 650 |
|
0 |
|a Zoology.
|
| 700 |
1 |
|
|a Bond, James,
|d 1900-
|
| 700 |
1 |
|
|a Fowler, Henry Weed,
|d 1878-1965.
|
| 700 |
1 |
|
|a Schauensee, Rodolphe de,
|d 1901-
|
| 700 |
1 |
|
|a Coventry, George Ayres,
|d 1905-
|
| 852 |
8 |
|
|b CARM
|h A3:AG06F0
|i C12743
|p 0567940
|f BK
|
| 999 |
f |
f |
|i 2fc9f196-c223-50a2-bb1f-40c53e0b569f
|s 7818e153-0fbe-5046-84f4-0a03b5b04915
|
| 952 |
f |
f |
|p Can circulate
|a CAVAL
|b CAVAL
|c CAVAL
|d CARM 1 Store
|e C12743
|f A3:AG06F0
|h Other scheme
|i book
|m 0567940
|